| 000 | 005590000a22001810004500 | ||
|---|---|---|---|
| 003 | MACL | ||
| 005 | 20160227122023.0 | ||
| 008 | 160227b xxu||||| |||| 00| 0 eng d | ||
| 040 |
_aMACL _cMACL |
||
| 041 | _aHindi | ||
| 082 | _a570 | ||
| 100 |
_aडॉ शिवकुमार शर्मा _940844 |
||
| 245 |
_aजीवन विज्ञान _bकक्षा 8 |
||
| 260 |
_bतुलसी अध्यात्म नीडम _c1987 _aराजस्थान |
||
| 350 | _a6 | ||
| 650 |
_aLife Sci. _940201 |
||
| 942 |
_cHIN _k570 _2ddc |
||
| 999 |
_c28743 _d28743 |
||